Sports Quiz

Random Sports or State Quiz

Name The Top 10 NBA Leaders In Major Stats? Quiz Stats

 Plays Quiz not verified by Sporcle

Challenge
Share
Tweet
Embed
Score 0/50 Timer 11:00
0 Plays Today
Stat Player % Correct
PointsMichael Jordan
98.3%
StealsMichael Jordan
98.3%
PointsKobe Bryant
98.2%
PointsKareem Abdul-Jabbar
97.4%
ReboundsKareem Abdul-Jabbar
97.4%
BlocksKareem Abdul-Jabbar
97.4%
AssistsJohn Stockton
96.7%
StealsJohn Stockton
96.7%
PointsKarl Malone
96.1%
ReboundsKarl Malone
96.1%
StealsKarl Malone
96.1%
PointsMoses Malone
95.8%
ReboundsMoses Malone
95.8%
PointsWilt Chamberlain
95.6%
ReboundsWilt Chamberlain
95.6%
ReboundsTim Duncan
91.5%
BlocksTim Duncan
91.5%
AssistsJason Kidd
91%
StealsJason Kidd
91%
PointsDirk Nowitzki
90.4%
PointsHakeem Olajuwon
89.7%
StealsHakeem Olajuwon
89.7%
BlocksHakeem Olajuwon
89.7%
AssistsSteve Nash
88.5%
AssistsMagic Johnson
88%
Stat Player % Correct
PointsShaquille O'Neal
87.5%
BlocksShaquille O'Neal
87.5%
ReboundsBill Russell
87.1%
ReboundsKevin Garnett
79.9%
BlocksDikembe Mutombo
79.7%
BlocksDavid Robinson
75.2%
StealsScottie Pippen
73.3%
AssistsOscar Robertson
70.2%
BlocksPatrick Ewing
69.6%
AssistsAndre Miller
67.8%
AssistsMark Jackson
67.5%
AssistsIsiah Thomas
64.5%
AssistsGary Payton
64%
StealsGary Payton
64%
PointsElvin Hayes
60.5%
ReboundsElvin Hayes
60.5%
StealsAlvin Robertson
55.8%
ReboundsRobert Parish
54%
BlocksRobert Parish
54%
BlocksMark Eaton
53.2%
StealsClyde Drexler
44.8%
StealsMaurice Cheeks
35.8%
ReboundsNate Thurmond
26.4%
AssistsRod Strickland
24.6%
BlocksTree Rollins
16.6%

You're not logged in!

Compare scores with friends on all Sporcle quizzes.
Join for Free
OR
Log In

You Might Also Like...

Show Comments

Extras

Top Quizzes Today


Score Distribution

Your Account Isn't Verified!

In order to create a playlist on Sporcle, you need to verify the email address you used during registration. Go to your Sporcle Settings to finish the process.

Report this User

Report this user for behavior that violates our Community Guidelines.

Details: